Estudi del poblament al segle XI a Sant Feliu de Buixalleu, Arbúcies, Breda i Riells / Josep M. Llorens i Rams, Montserrat Mataró i Pladelasala, Josep Manuel Rueda i Torres ; estudi introductori a càrrec de l'Honorable Sr. Miquel Coll i Alentorn
MARC
| LEADER | 00000nam a2200000Ia 4500 | ||
|---|---|---|---|
| 001 | 1272 | ||
| 008 | 160829s1982 xx 000 0 cat d | ||
| 080 | |a H-1-297 | ||
| 100 | |a Llorens i Rams, Josep M. |9 27254 | ||
| 245 | |a Estudi del poblament al segle XI a Sant Feliu de Buixalleu, Arbúcies, Breda i Riells / Josep M. Llorens i Rams, Montserrat Mataró i Pladelasala, Josep Manuel Rueda i Torres ; estudi introductori a càrrec de l'Honorable Sr. Miquel Coll i Alentorn | ||
| 260 | |a Barcelona : |b Generalitat de Catalunya, Departament Adjunt a la Presidència : |b Ajuntament de Sant Feliu de Buixalleu, |c 1982 | ||
| 300 | |a 96 p. : |b il. ; |c 24 cm | ||
| 650 | |a Catalunya |x Població |x S. XI |9 27255 | ||
| 700 | |a Mataró i Pladelasala, Montserrat |9 27256 | ||
| 700 | |a Rueda i Torres, Josep Manuel |9 44626 | ||
| 700 | |a Coll i Alentorn, Miquel, pr. I |9 27258 | ||
| 700 | |a Catalunya. Departament Adjunt a la Presidència |9 35463 | ||
| 710 | 1 | |a Sant Feliu de Buixalleu (Catalunya). |b Ajuntament |9 55493 | |
| 901 | |a Arxiu | ||
| 942 | |n 1 | ||
| 952 | |0 0 |1 0 |4 0 |6 H1297 |7 1 |9 44330 |a Arxiu |b Arxiu |d 2016-12-01 |l 0 |o H-1-297 |p 1272 |r 2016-12-01 00:00:00 |w 2016-12-01 |y ARXIU | ||
| 999 | |c 46911 |d 46911 | ||